Deregulation of the petroleum industry and its impact on government fiscal revenue : (Record no. 26871)

MARC details
000 -LEADER
fixed length control field 006100000a22001570004500
008 - FIXED-LENGTH DATA ELEMENTS--GENERAL INFORMATION
fixed length control field 100902t xxu||||| |||| 00| 0 eng d
082 ## - DEWEY DECIMAL CLASSIFICATION NUMBER
Classification number 26871
090 ## - LOCALLY ASSIGNED LC-TYPE CALL NUMBER (OCLC); LOCAL CALL NUMBER (RLIN)
-- 26871
-- 26871
100 ## - MAIN ENTRY--PERSONAL NAME
Personal name Rwebuga, Christopher
9 (RLIN) 46677
245 ## - TITLE STATEMENT
Title Deregulation of the petroleum industry and its impact on government fiscal revenue :
Remainder of title case study Uganda Petroleum sub - Secotor /
Statement of responsibility, etc. Rwebuga Christopher
260 ## - PUBLICATION, DISTRIBUTION, ETC.
Place of publication, distribution, etc. Nkozi :
Name of publisher, distributor, etc. Uganda Martyrs University,
Date of publication, distribution, etc. 2002
300 ## - PHYSICAL DESCRIPTION
Extent x, 97 p. ;
Dimensions 30 cm.
500 ## - GENERAL NOTE
General note Master of Business Administration and Management
650 ## - SUBJECT ADDED ENTRY--TOPICAL TERM
Topical term or geographic name entry element Deregulation-petroleum
9 (RLIN) 46678
942 ## - ADDED ENTRY ELEMENTS (KOHA)
Koha item type Master Dissertation
Source of classification or shelving scheme Dewey Decimal Classification
Holdings
Withdrawn status Lost status Source of classification or shelving scheme Damaged status Not for loan Home library Current library Date acquired Total Checkouts Full call number Barcode Date last seen Price effective from Koha item type
    Dewey Decimal Classification     Archbishop Kiwanuka Memorial Library Archbishop Kiwanuka Memorial Library 01/11/2008   26871 26871 13/07/2013 01/11/2008 Master Dissertation

Archbishop Kiwanuka Memorial Library | Uganda Martyrs University P.O. Box : 5498 Kampala, Uganda
Tel : +256-(0) 382-277-901 or +256-(0) 382-410-611 / E-mail : library@umu.ac.ug